Well test analysis : the use of advanced interpretation models /

Guardado en:
Autor Principal: Bourdet, Dominique.
Formato: Libro
Idioma:English
Publicado: Amsterdam ; Boston : Elsevier, 2002.
Edición:1st ed.
Series:Handbook of petroleum exploration and production, 3
Materias:
Etiquetas: Agregar Etiqueta
Sin Etiquetas, Sea el primero en etiquetar este registro!
LEADER 00864cam a22002414a 4500
001 EIQ.libpla004578
008 020626s2002####ne#a#####b####001#0#eng##
005 20160405122020.0
245 1 0 |a Well test analysis :  |b the use of advanced interpretation models /  |c Dominique Bourdet. 
250 |a 1st ed. 
260 |a Amsterdam ;  |a Boston :  |b Elsevier,  |c 2002. 
300 |a xii, 426 p. :  |b il. ;  |c 25 cm. 
440 0 |a Handbook of petroleum exploration and production,  |x 1567-8032 ;  |v 3 
504 |a Incluye referencias bibliográficas ( p. 401-412) e índices. 
020 |a 0444509682 (alk. paper) 
100 1 |a Bourdet, Dominique. 
082 0 0 |a 622/.3382  |2 21 
650 0 |a Oil wells  |x Testing. 
650 7 |a Pozos de petróleo  |x Pruebas 
010 |a  2002026548 
040 |a DLC  |c DLC  |d DLC 
050 0 0 |a TN871  |b .B54 2002 
859 |a AR-BbSID  |b BIB. PLAPIQUI  |h 622.3382  |i B666  |p 6472